LIBRARY ONLINE CATALOGUE

Electromagnetism / (Record no. 2241)

MARC details
000 -LEADER
fixed length control field 00649cam a22002292 4500
001 - CONTROL NUMBER
control field 0000003826
005 - DATE AND TIME OF LATEST TRANSACTION
control field 20151217145740.0
008 - FIXED-LENGTH DATA ELEMENTS--GENERAL INFORMATION
fixed length control field 070515s xx 000 0 eng d
020 ## - INTERNATIONAL STANDARD BOOK NUMBER
International Standard Book Number 0471927120 :
040 ## - CATALOGING SOURCE
Original cataloging agency KABU
Transcribing agency KABU
050 #0 - LIBRARY OF CONGRESS CALL NUMBER
Classification number QC760
Item number .G73 1990
100 1# - MAIN ENTRY--PERSONAL NAME
Personal name Grant, I. S.
-- 0000154016
245 10 - TITLE STATEMENT
Title Electromagnetism /
Statement of responsibility, etc. I. S. Grant, W. R. Philips.
250 ## - EDITION STATEMENT
Edition statement 2nd ed.
260 ## - PUBLICATION, DISTRIBUTION, ETC. (IMPRINT)
Place of publication, distribution, etc. New York :
Name of publisher, distributor, etc. J. Wiley,
Date of publication, distribution, etc. 1990.
300 ## - PHYSICAL DESCRIPTION
Extent xvi, 525 p.
650 #0 - SUBJECT ADDED ENTRY--TOPICAL TERM
Topical term or geographic name as entry element Electromagnetism.
-- 0000153933
700 1# - ADDED ENTRY--PERSONAL NAME
Personal name Philips, W. R.
-- 0000154017
852 1# - LOCATION
-- p4600 KES
908 ## - PUT COMMAND PARAMETER (RLIN)
Put command parameter 070515
950 ## - LOCAL HOLDINGS (RLIN)
-- 1
Holdings
Withdrawn status Lost status Source of classification or shelving scheme Not for loan Home library Current library Date acquired Total Checkouts Full call number Barcode Checked out Date last seen Date last checked out Price effective from Koha item type
    Library of Congress Classification   Kabarak, Main Campus Kabarak, Main Campus 17/12/2015 6 QC760 .G73 1990 c. 2 16140 17/07/2026 01/07/2026 01/07/2026 17/12/2015 General Collection
    Library of Congress Classification   Kabarak, Main Campus Kabarak, Main Campus 17/12/2015 6 QC760 .G73 1990 c. 1 010333   17/11/2025 04/11/2025 17/12/2015 General Collection
    Library of Congress Classification   Kabarak, Main Campus Kabarak, Main Campus 17/12/2015 4 QC760 .G73 1990 c. 3 16487   28/10/2025 14/10/2025 17/12/2015 General Collection